Statistics for Lana Del Rey: Complete Discography

Click here to take the quiz!

General Stats

  • This quiz has been taken 96 times
    (4 since last reset)
  • The average score is 103 of 174

Answer Stats

AlbumSong% Correct
Honeymoon24
100%
ParadiseAmerican
100%
HoneymoonArt Deco
100%
ParadiseBel Air
100%
Ultraviolence (Bonus)Black Beauty
100%
Born to DieBorn to Die
100%
UltraviolenceBrooklyn Baby
100%
HoneymoonBurnt Norton (Interlude)
100%
Born to DieCarmen
100%
ParadiseCola
100%
HoneymoonFreak
100%
UltraviolenceFucked My Way Up to the Top
100%
Lust for LifeGet Free
100%
HoneymoonGod Knows I Tried
100%
ParadiseGods & Monsters
100%
Ultraviolence (Bonus)Guns and Roses
100%
HoneymoonHoneymoon
100%
Lust for LifeIn My Feelings
100%
Born to Die (Bonus)Lolita
100%
Lust for LifeLove
100%
Born to Die (Bonus)Lucky Ones
100%
Lust for LifeLust for Life
100%
Born to DieMillion Dollar Man
100%
HoneymoonMusic to Watch Boys To
100%
Born to DieNational Anthem
100%
Born to DieOff to the Races
100%
UltraviolenceOld Money
100%
Born to DieRadio
100%
HoneymoonReligion
100%
ParadiseRide
100%
HoneymoonSalvatore
100%
UltraviolenceShades of Cool
100%
Born to DieSummertime Sadness
100%
UltraviolenceThe Other Woman
100%
Born to DieThis Is What Makes Us Girls
100%
UltraviolenceUltraviolence
100%
Born to DieVideo Games
100%
UltraviolenceWest Coast
100%
Born to Die (Bonus)Without You
100%
ParadiseYayo
100%
Blue BanistersBeautiful
75%
Born to DieBlue Jeans
75%
ParadiseBlue Velvet
75%
ParadiseBody Electric
75%
Paradise (Bonus)Burning Desire
75%
Lust for LifeChange
75%
Chemtrails over the Country ClubChemtrails over the Country Club
75%
Lust for LifeCherry
75%
Norman Fucking Rockwell!Cinnamon Girl
75%
UltraviolenceCruel World
75%
Born to DieDark Paradise
75%
Did You Know That There's A Tunnel Under Ocean BoulevardDid You Know That There's A Tunnel Under Ocean Boulevard
75%
Born to DieDiet Mountain Dew
75%
Norman Fucking Rockwell!Doin' Time
75%
HoneymoonDon't Let Me Be Misunderstood
75%
Ultraviolence (Bonus)Flipside
75%
Ultraviolence (Bonus)Florida Kilos
75%
SirensFor K / Drive By
75%
Lust for LifeGroupie Love
75%
Norman Fucking Rockwell!Happiness Is a Butterfly
75%
Lust for LifeHeroin
75%
HoneymoonHigh by the Beach
75%
Norman Fucking Rockwell!How to Disappear
75%
Ultraviolence (Bonus)Is This Happiness
75%
Did You Know That There's A Tunnel Under Ocean BoulevardKintsugi
75%
Did You Know That There's A Tunnel Under Ocean BoulevardMargaret
75%
Norman Fucking Rockwell!Mariners Apartment Complex
75%
UltraviolenceMoney Power Glory
75%
Norman Fucking Rockwell!Norman Fucking Rockwell
75%
UltraviolencePretty When You Cry
75%
UltraviolenceSad Girl
75%
SoundtracksSeason of the Witch
75%
Lana Del Ray A.K.A. Lizzy GrantSmarty
75%
Lust for LifeSummer Bummer
75%
HoneymoonSwan Song
75%
Did You Know That There's A Tunnel Under Ocean BoulevardTaco Truck x VB
75%
HoneymoonTerrence Loves You
75%
HoneymoonThe Blackest Day
75%
Did You Know That There's A Tunnel Under Ocean BoulevardThe Grants
75%
Norman Fucking Rockwell!Venice Bitch
75%
Chemtrails over the Country ClubWhite Dress
75%
Lust for LifeWhite Mustang
75%
SoundtracksYoung and Beautiful
75%
Lust for Life13 Beaches
50%
Blue BanistersArcadia
50%
SirensA Star For Nick
50%
SirensAviation
50%
Norman Fucking Rockwell!Bartender
50%
Lust for LifeBeautiful People Beautiful Problems
50%
SoundtracksBig Eyes
50%
Blue BanistersBlack Bathing Suit
50%
Blue BanistersBlue Banisters
50%
Chemtrails over the Country ClubBreaking Up Slowly
50%
Did You Know That There's A Tunnel Under Ocean BoulevardCandy Necklace
50%
Blue BanistersCherry Blossom
50%
Lust for LifeCoachella - Woodstock in My Mind
50%
Chemtrails over the Country ClubDance Till We Die
50%
Blue BanistersDealer
50%
Did You Know That There's A Tunnel Under Ocean Boulevard
Grandfather Please Stand on the Shoulders of My Father While He's Deep-Sea Fishing
50%
Did You Know That There's A Tunnel Under Ocean BoulevardFingertips
50%
Chemtrails over the Country ClubFor Free
50%
Lana Del Ray A.K.A. Lizzy GrantFor K, Pt. 2
50%
Lust for LifeGod Bless America - and All the Beautiful Women in it
50%
Lana Del Ray A.K.A. Lizzy GrantGramma (Blue Ribbon Sparkler Trailer Heaven)
50%
Norman Fucking Rockwell!Hope Is a Dangerous Thing for a Woman Like Me to Have - but I Have It
50%
SoundtracksI Can Fly
50%
Blue BanistersInterlude - The Trio
50%
Did You Know That There's A Tunnel Under Ocean BoulevardJon Batiste Interlude
50%
Did You Know That There's A Tunnel Under Ocean BoulevardJudah Smith Interlude
50%
Chemtrails over the Country ClubLet Me Love You Like a Woman
50%
Did You Know That There's A Tunnel Under Ocean BoulevardLet the Light In
50%
SinglesLooking for America
50%
Norman Fucking Rockwell!Love Song
50%
SirensMy Momma
50%
Blue BanistersNectar of the Gods
50%
SoundtracksOnce Upon a Dream
50%
Did You Know That There's A Tunnel Under Ocean BoulevardParis, Texas
50%
Did You Know That There's A Tunnel Under Ocean BoulevardPeppers
50%
Lana Del Ray A.K.A. Lizzy GrantPut Me in a Movie
50%
Lana Del Ray A.K.A. Lizzy GrantQueen of the Gas Station
50%
FeaturesStargirl Interlude
50%
Did You Know That There's A Tunnel Under Ocean BoulevardSweet
50%
Blue BanistersSweet Carolina
50%
Blue BanistersText Book
50%
Norman Fucking Rockwell!The Greatest
50%
Blue BanistersThunder
50%
Lust for LifeTomorrow Never Came
50%
Chemtrails over the Country ClubTulsa Jesus Freak
50%
FeaturesWait for Life
50%
Lust for LifeWhen the World Was at War We Kept Dancing
50%
Chemtrails over the Country ClubYosemite
50%
Did You Know That There's A Tunnel Under Ocean BoulevardA&W
25%
SirensBirds Of A Feather
25%
Lana Del Ray A.K.A. Lizzy GrantBrite Lites
25%
Duets / CollaborationsBuddy's Rendezvous
25%
Norman Fucking Rockwell!California
25%
Chemtrails over the Country ClubDark but Just a Game
25%
SoundtracksDon't Call Me Angel
25%
Did You Know That There's A Tunnel Under Ocean BoulevardFishtail
25%
Norman Fucking Rockwell!Fuck it I Love You
25%
Blue BanistersIf You Lie Down with Me
25%
Lana Del Ray A.K.A. Lizzy GrantJump
25%
Lana Del Ray A.K.A. Lizzy GrantKill Kill
25%
Blue BanistersLiving Legend
25%
Lana Del Ray A.K.A. Lizzy GrantMermaid Motel
25%
SirensNext To Me / River Road
25%
Chemtrails over the Country ClubNot All Who Wander Are Lost
25%
Lana Del Ray A.K.A. Lizzy GrantOh Say Can You See
25%
Lana Del Ray A.K.A. Lizzy GrantPawn Shop Blues
25%
FeaturesPrisoner
25%
Lana Del Ray A.K.A. Lizzy GrantRaise Me Up (Mississippi South)
25%
SinglesSay Yes to Heaven
25%
Norman Fucking Rockwell!The Next Best American Record
25%
Blue BanistersViolets for Roses
25%
SoundtracksWatercolor Eyes
25%
Chemtrails over the Country ClubWild at Heart
25%
Blue BanistersWildflower Wildfire
25%
SirensBad Disease
0%
FeaturesDayglo Reflection
0%
SirensDear Elliot / Westbound
0%
Duets / CollaborationsHollywood Bowl
0%
SoundtracksHotel Sayre
0%
SirensHow Do You Know Me So Well? / I'm Indebted To You
0%
SirensJunkie Pride
0%
Duets / CollaborationsLost at Sea
0%
SoundtracksMagic Tree and I Let Myself Go
0%
SirensMove / Find My Own Way
0%
SirensOut With A Bang
0%
SirensPeace / All You Need
0%
SirensPretty Baby
0%
SoundtracksSome Things Last a Long Time
0%
FeaturesSpender
0%
SirensTry Tonight
0%
SoundtracksTwo Minutes to Four and Reunited
0%

Score Distribution

Percentile by Number Answered

Percent of People with Each Score

Your Score History

You have not taken this quiz since the last reset